000 00437nam a2200145 i 4500
001 58531
003 ES-MaACL
007 t|
008 031022s1923 fr ||||1| fre d
100 1 _aDu Jeu, E.
_945709
245 1 0 _aVicomte E. Du Jeu Trenck
_b: un aventurier prussien au dix-huitième siècle /
_cE. Du Jeu.
260 _aParís :
_b[s.n.,
_c1923] (
_fDeslis Frères)
300 _aVI, 266 p. ;
_c21 cm.
852 _aES-MaACL
_jG-14105
999 _c58531
_d58531